[Event "FRA-ch U14"]
[Site "Aix les Bains"]
[Date "2009.04.21"]
[Round "4"]
[White "Jeannesson, Etienne"]
[Black "Karcenty, Louis"]
[Result "1-0"]
[WhiteElo "1780"]
[BlackElo "1840"]
[PlyCount "67"]
[EventDate "2009.04.19"]
[EventType "swiss"]
[EventRounds "9"]
[EventCountry "FRA"]
[SourceTitle "CBM 130 Extra"]
[Source "ChessBase"]
[SourceDate "2009.07.02"]
[SourceVersion "2"]
[SourceVersionDate "2009.07.15"]
[SourceQuality "1"]

1. e4 c6 2. Nc3 Nf6 3. Nf3 g6 4. d4 Bg7 5. e5 Nd5 6. Nxd5 cxd5 7. Bf4 0-0 8. c3 Nc6 9. Qd2 d6 10. exd6 exd6 11. Bd3 Re8+ 12. Kf1 Bg4 13. h3 Bxf3 14. gxf3 a6 15. h4 b5 16. h5 Qf6 17. Kg2 Na5 18. hxg6 fxg6 19. Bg5 Qf7 20. Rh3 Nc4 21. Qc2 Bf6 22. Bh6 Rac8 23. Rah1 Re7 24. Rg3 Qe8 25. f4 Bxd4 26. f5 Ne5 27. fxg6 Nxg6 28. Bxg6 hxg6 29. Rxg6+ Bg7 30. Rg3 Rcc7 31. Bxg7 Rxg7 32. Qh7+ Kf8 33. Qxg7+ Rxg7 34. Rh8+ 1-0